000 01631nam a22002777a 4500
005 20110401114058.0
010 _aB-425065-066 B-477206
020 _a9788173053146
_c1500.00
035 _aB-425065-066 B-477206
037 _bResearchco Book Centre
037 _bK.K.Pub/Ven
082 _a954.16
100 1 _aHearn, Gordon Risley
_950882
245 1 4 _aThe seven cities of Delhi /
_cby Gordon Risley Hearn; edited & revised with introduction by Nalini Thakur
260 _aNew Delhi
_bAryan Books International
_c2010
270 _aPooja Apartments, 4 B, Ansari Road,
_bNew Delhi
_e110002
300 _axiv, 173 p.
_bb&w photos; map
_c26cm(Hb)
500 _aIncludes index
700 _aThakur, Nalini
_926920
942 _2ddc
_cEN
_mHEA
_h954.16
999 _c51359
_d51359